Movies Quiz

Random Movies or Pixar Quiz

Complete the Animated Movie... With a Picture Quiz Stats

 Plays Quiz Updated Sep 27, 2017

Score 0/20 Timer 05:00
16 Plays Today
% Correct
The Jungle BOOK
97.7%
SNOW White and
the Seven Dwarfs
97.2%
The LION King
97%
Cloudy with a
Chance of MEATBALLS
96.6%
The SWORD in
the Stone
96.5%
Peter PAN
96.4%
The PRINCESS and
the Frog
96.3%
ICE Age
96.2%
How to Train Your DRAGON
95.4%
Happy FEET
93.9%
% Correct
CHICKEN Little
93.5%
The Great Mouse
DETECTIVE
93.1%
TOY Story
92.8%
SLEEPING Beauty
91.9%
The Little MERMAID
90.6%
Monsters UNIVERSITY
88.8%
SHARK Tale
86.9%
The Good DINOSAUR
86.4%
Howl's Moving CASTLE
83.3%
TREASURE Planet
78.7%

You're not logged in!

Compare scores with friends on all Sporcle quizzes.
OR
Log In

You Might Also Like...

Show Comments

Extras

Top Quizzes Today


Score Distribution

Your Account Isn't Verified!

In order to create a playlist on Sporcle, you need to verify the email address you used during registration. Go to your Sporcle Settings to finish the process.

Report this User

Report this user for behavior that violates our Community Guidelines.

Details: